| 000 | 01128nam a2200301 i 4500 | ||
|---|---|---|---|
| 003 | EG-GICUC | ||
| 005 | 20260327192812.0 | ||
| 008 | 260218s1992 ua |||fr|||| 00| 0 ara d | ||
| 040 |
_a EG-GICUC _bara _c EG-GICUC _d EG-GICUC _erda |
||
| 041 | 0 | _aara | |
| 082 | 0 | 4 |
_a343.434 _bس م . إ _221 |
| 092 | 0 | 4 | _221 |
| 099 | _aLaw1 10 343.434 س م . إ 1992 | ||
| 100 | 0 |
_aسمير محمد هندي. _eمؤلف. |
|
| 245 | 1 | 2 |
_aالإشتباه وحرية المواطن بين الفقه الإسلامي والقانون الوضعي / _c تأليف دكتور سمير محمد هندى. |
| 264 | 1 |
_aالقاهرة : _bسمير محمد هندي، _c1992. |
|
| 300 |
_a454 ؛صفحة _c24 سم. |
||
| 336 |
_2rda content _atext |
||
| 337 |
_2rda media _aComputer |
||
| 338 |
_2rda carrier _aOnline Resource |
||
| 546 | _aالنص باللغة العربية | ||
| 650 | 1 | 4 |
_aالتشريع الخاص بالإشتباه. _2qrmak |
| 650 | 1 | 4 |
_aالقانون الجنائي. _2qrmak |
| 651 | 1 | _2qrmak | |
| 856 | 4 | 0 | _uhttps://fll.law.cu.edu.eg/fulltext/bks/B10-06242.pdf |
| 905 |
_a54 _eYara |
||
| 942 |
_2ddc _cBK _e21 _n0 |
||
| 999 |
_c63707 _d63707 |
||